000 00409nam a22001697a 4500
003 OSt
005 20231222094440.0
008 191122b xxu||||| |||| 00| 0 eng d
020 _a8175810017
040 _cIIMT UNIVERSITY
100 _aLALL RAMJI
245 _aALEXANDER POPE THE RAPE OF THE LOCK
250 _a46TH
260 _aNEW DELHI
_bRAMA BROTHERS
_c2019
300 _a234
942 _2ddc
_c02
_e46TH
999 _c49318
_d49318